| 000 | 00745nam a22002177a 4500 | ||
|---|---|---|---|
| 003 | OSt | ||
| 005 | 20131125113430.0 | ||
| 008 | 130509s1995 fr ||||| |||| 00| 0 fre d | ||
| 020 | _a2859001085 | ||
| 040 | _cCDMR | ||
| 245 | 0 | 4 |
_aLes droits et les devoirs des journalistes _b: textes essentiels |
| 250 | _a10a ed. | ||
| 260 |
_aParis _bCentre du Formation et de Perfectionnement des Journalistes |
||
| 260 |
_bÉcole supérieure de journalisme de Lille _c1995 |
||
| 300 | _a160 p. | ||
| 490 | 0 |
_aLes guides du CFPJ _v30 |
|
| 650 | 0 | 4 |
_92767 _aPeriodistes _xSituació legal, lleis, etc |
| 650 | 0 | 4 |
_93208 _aPeriodisme _xDret i legislació _zFrança |
| 710 | 2 |
_91069 _aCentre de Formation et de Perfectionnement des Journalistes |
|
| 942 |
_2udc _cMON |
||
| 999 |
_c6206 _d6206 |
||